Learn to Listen, Listen to Learn : an Advanced ELS/EFL Lecture Comprehension and Note-taking Textbook /
Wedi'i Gadw mewn:
| Prif Awdur: | |
|---|---|
| Fformat: | Sách giấy |
| Iaith: | English |
| Cyhoeddwyd: |
New Jersey :
Prentice-Hall ,
1988
|
| Tagiau: |
Ychwanegu Tag
Dim Tagiau, Byddwch y cyntaf i dagio'r cofnod hwn!
|
| Thư viện lưu trữ: | Thư viện Trường Đại học Đà Lạt |
|---|
| LEADER | 00656nam a2200253 4500 | ||
|---|---|---|---|
| 001 | DLU020015847 | ||
| 005 | ##10/18/2000 | ||
| 020 | # | # | |a 978- |
| 041 | # | # | |a eng |
| 082 | # | # | |a 428.3 |b LE-R |
| 090 | # | # | |a 428.3 |b LE-R |
| 100 | # | # | |a Lebauer, Roni S. |
| 245 | # | # | |a Learn to Listen, Listen to Learn : |b an Advanced ELS/EFL Lecture Comprehension and Note-taking Textbook / |c Lebauer Roni S. |
| 260 | # | # | |a New Jersey : |b Prentice-Hall , |c 1988 |
| 300 | # | # | |a 122 tr.; |c 20 cm. |
| 992 | # | # | |a 17000 |
| 994 | # | # | |a DLU |
| 900 | # | # | |a False |
| 911 | # | # | |a Administrator |
| 925 | # | # | |a G |
| 926 | # | # | |a A |
| 927 | # | # | |a SH |
| 980 | # | # | |a Thư viện Trường Đại học Đà Lạt |